Technological change, economic security, and technology policies in Japan : Travel impressions from a trip to Japan, May 11-23, 1982

שמור ב:
מידע ביבליוגרפי
מחבר ראשי: Sigurdson, Jon
פורמט: ספר
שפה:Undetermined
יצא לאור: Sweden Research Policy Institute 1982
נושאים:
תגים: הוספת תג
אין תגיות, היה/י הראשונ/ה לתייג את הרשומה!
Thư viện lưu trữ: Trung tâm Học liệu Trường Đại học Cần Thơ
LEADER 00704nam a2200217Ia 4500
001 CTU_97567
008 210402s9999 xx 000 0 und d
082 |a 338.06 
082 |b S579 
100 |a Sigurdson, Jon 
245 0 |a Technological change, economic security, and technology policies in Japan : 
245 0 |b Travel impressions from a trip to Japan, May 11-23, 1982 
245 0 |c Jon Sigurdson 
260 |a Sweden 
260 |b Research Policy Institute 
260 |c 1982 
650 |a Technology transfer,Technological innovations 
650 |x Government policy,Government policy 
650 |z Japan,Japan 
904 |i Giang 
980 |a Trung tâm Học liệu Trường Đại học Cần Thơ